[Event "10. Open Internacional de Málaga"]
[Site "Campillos ESP"]
[Date "2007.03.02"]
[Round "8.16"]
[White "Linan Baena, Jeronimo"]
[Black "Ladron de Guevara Pinto, Fermin Gabriel"]
[Result "1-0"]
[WhiteElo "2186"]
[BlackElo "2014"]
[PlyCount "101"]
[EventDate "2007.02.24"]
[EventType "swiss"]
[EventRounds "9"]
[EventCountry "ESP"]
[Source "lmi"]
[SourceDate "2007.02.24"]

1. d4 e6 2. Nf3 f5 3. g3 Nf6 4. Bg2 Be7 5. O-O O-O 6. b3 d6 7. Bb2 Ne4 8. Nbd2
Bf6 9. c4 Qe7 10. Qc2 Nxd2 11. Qxd2 Kh8 12. Rfe1 e5 13. e4 fxe4 14. dxe5 dxe5
15. Rxe4 Bf5 16. Rxe5 Bxe5 17. Nxe5 Nc6 18. Nxc6 bxc6 19. Re1 Qf7 20. f4 Rad8
21. Qb4 Rfe8 22. Be5 Qd7 23. Qc3 Re7 24. Bf3 Qc8 25. Qb4 Re6 26. Qc5 a6 27.
Bxc6 Rd2 28. Bd5 Re8 29. Qe3 Rxa2 30. Bxg7+ Kxg7 31. Qxe8 Qxe8 32. Rxe8 c5 33.
Re7+ Kf6 34. Rf7+ Kg6 35. Rc7 Bc2 36. Rc6+ Kf5 37. Rxc5 Bxb3 38. Bg8+ Kg4 39.
Rg5+ Kf3 40. Bd5+ Ke3 41. Re5+ Kd4 42. Re4+ Kc5 43. Re1 Bc2 44. g4 Rb2 45. f5
Rb1 46. Kf2 Rxe1 47. Kxe1 a5 48. Kd2 Bb1 49. f6 Kd6 50. c5+ Kd7 51. c6+ 1-0

[Event "10. Open Internacional de Málaga"]
[Site "Campillos ESP"]
[Date "2007.03.02"]
[Round "8.17"]
[White "Blanco Villalba, Jose Francisco"]
[Black "Berbatov, Kiprian"]
[Result "1-0"]
[WhiteElo "1980"]
[BlackElo "2145"]
[PlyCount "77"]
[EventDate "2007.02.24"]
[EventType "swiss"]
[EventRounds "9"]
[EventCountry "ESP"]
[Source "lmi"]
[SourceDate "2007.02.24"]

1. d4 d5 2. c4 dxc4 3. Nf3 Nf6 4. e3 e6 5. Bxc4 c5 6. O-O a6 7. Nc3 Nc6 8. a4
Be7 9. dxc5 Bxc5 10. Qxd8+ Kxd8 11. Rd1+ Ke7 12. Bd2 b6 13. Ne2 Bb7 14. Bc3 Na5
15. Ba2 Ne4 16. Bd4 f6 17. Rac1 Nc6 18. Bxc5+ Nxc5 19. Nfd4 Nb4 20. Bxe6 Nxe6
21. Nxe6 Kxe6 22. Nd4+ Kd7 23. Nc6+ Ke6 24. Nxb4 Rac8 25. Nc2 Rhd8 26. Rxd8
Rxd8 27. Nd4+ Kd7 28. f3 Rc8 29. Rxc8 Bxc8 30. Kf2 Kd6 31. Ke2 Kc5 32. Kd3 Bd7
33. b3 Kb4 34. Kc2 a5 35. Kb2 f5 36. Nc2+ Kc5 37. Kc3 g5 38. e4 fxe4 39. fxe4
1-0

[Event "10. Open Internacional de Málaga"]
[Site "Campillos ESP"]
[Date "2007.03.02"]
[Round "8.18"]
[White "Rodriguez Lopez, Rafael"]
[Black "Cucarella Montell, Angels"]
[Result "1-0"]
[WhiteElo "2283"]
[BlackElo "1908"]
[PlyCount "61"]
[EventDate "2007.02.24"]
[EventType "swiss"]
[EventRounds "9"]
[EventCountry "ESP"]
[Source "lmi"]
[SourceDate "2007.02.24"]

1. d4 f5 2. Nf3 e6 3. c4 Nf6 4. e3 b6 5. Bd3 Bb7 6. O-O Bd6 7. b3 Nc6 8. Nc3
Bb4 9. Bb2 Bxc3 10. Bxc3 a5 11. Rc1 O-O 12. a3 Qe7 13. Bb2 Qf7 14. Qe2 Qg6 15.
Rfd1 Rae8 16. Bb1 Nd8 17. Ne1 Qh6 18. f3 g5 19. e4 Nh5 20. Nd3 Nf4 21. Nxf4
gxf4 22. exf5 exf5 23. Qf2 Rf7 24. d5 Qg5 25. Qd4 Kf8 26. Re1 Re3 27. Rxe3 fxe3
28. f4 Qg4 29. Re1 e2 30. h3 Qg8 31. Rxe2 1-0

[Event "10. Open Internacional de Málaga"]
[Site "Campillos ESP"]
[Date "2007.03.02"]
[Round "8.19"]
[White "Fomani, Mehdi"]
[Black "Bolle, Leendert"]
[Result "0-1"]
[WhiteElo "2162"]
[BlackElo "2011"]
[PlyCount "112"]
[EventDate "2007.02.24"]
[EventType "swiss"]
[EventRounds "9"]
[EventCountry "ESP"]
[Source "lmi"]
[SourceDate "2007.02.24"]

1. c4 f5 2. g3 Nf6 3. Bg2 e6 4. Nc3 Be7 5. Nf3 O-O 6. O-O d6 7. d4 Ne4 8. Qc2
Nxc3 9. Qxc3 Bf6 10. Qc2 Nc6 11. Be3 e5 12. dxe5 dxe5 13. Rad1 Qe7 14. a3 a5
15. Rd5 Re8 16. Rdd1 Be6 17. Nd2 e4 18. Nb3 Ne5 19. Nd2 a4 20. h3 Qf7 21. Rc1
Qh5 22. Rfe1 Ng6 23. Bf4 Nxf4 24. gxf4 Qh4 25. e3 g5 26. fxg5 Qxg5 27. Kh1 Qh4
28. f4 Kf7 29. Nf1 Rg8 30. Qe2 Rg7 31. Nh2 Rag8 32. Rg1 Qh6 33. Qc2 Bh4 34.
Rcf1 Qf6 35. Rd1 c6 36. Rd2 b5 37. cxb5 cxb5 38. Qc5 Rd8 39. Rgd1 Rxd2 40. Rxd2
Kg6 41. Qxb5 Bb3 42. Qc5 Re7 43. Rd6 Re6 44. Rxe6 Qxe6 45. Nf1 Bf2 46. Qd4 Qc6
47. Qd8 h6 48. Qd2 Bh4 49. Qb4 Bf6 50. Nd2 Qc1+ 51. Kh2 Qxb2 52. Kg3 Qc3 53.
Qxc3 Bxc3 54. Nxe4 fxe4 55. Bxe4+ Kf6 56. h4 Ba5 0-1